Integración de módulo electrónico en bastón para mejorar la detección de obstáculos en el desplazamiento de las personas ciegas

Presenta una integración de un módulo en el bastón blanco para detectar los obstáculos que se puedan presentar al momento de circular, utilizando tecnología ultrasónica para detectar los obstáculos aéreos y mandar una señal de vibración para que la persona ciega pueda saber que se aproxima...

Full description

Bibliographic Details
Main Authors: Rojas Icabalceta, José Daniel, López Gutiérrez, Esdras Daniel
Other Authors: Tutor: Dalla-Torre Parrales, Cedrick Elksnher
Format: Tesis Section = Libro
Language:Undetermined
Spanish
Published: Managua UNI 2017
Subjects:
LEADER 01343nam a2200289Ia 4500
008 240830s9999 xx 000 0 und d
040 |a BIBLIOTECA-RUSB/ Mon 621.3822 R741 
041 |a spa 
082 |a Mon 621.3822 R741 
100 1 |a Rojas Icabalceta, José Daniel 
100 1 |b López Gutiérrez, Esdras Daniel 
245 1 0 |a Integración de módulo electrónico en bastón para mejorar la detección de obstáculos en el desplazamiento de las personas ciegas 
260 |a Managua  |b UNI  |c 2017 
300 |a 84 p. :il. 
500 |a Contiene: anexos e Incluye: CD. 
502 |a Tesis (Ingeniero Electrónico) - UNI, 2017. 
520 3 |a Presenta una integración de un módulo en el bastón blanco para detectar los obstáculos que se puedan presentar al momento de circular, utilizando tecnología ultrasónica para detectar los obstáculos aéreos y mandar una señal de vibración para que la persona ciega pueda saber que se aproxima un obstáculo y poder evitarlo. 
650 7 |a PROCESAMIENTOS DE SEÑALES 
650 7 |b  MODULOS DE CONTROL ELECTRONICOS 
650 7 |c  BASTON BLANCO-DISEÑO 
650 7 |d  DISCAPACIDAD VISUAL 
650 7 |e  TIFLOTECNIA 
650 7 |f  INNOVACIONES TECNOLOGICAS 
700 1 |a Tutor:  |b Dalla-Torre Parrales, Cedrick Elksnher 
942 |c BK  |2 ddc 
991 |a TESIS 
999 |c 20286